Govt. of
Madhya Pradesh

Jammu and Kashmir (Record no. 15626)

MARC details
000 -LEADER
fixed length control field 004940000a22001930004500
001 - CONTROL NUMBER
control field 003732
003 - CONTROL NUMBER IDENTIFIER
control field MACL
005 - DATE AND TIME OF LATEST TRANSACTION
control field 20150821130244.0
008 - FIXED-LENGTH DATA ELEMENTS--GENERAL INFORMATION
fixed length control field 150821b xxu||||| |||| 00| 0 eng d
040 ## - CATALOGING SOURCE
Original cataloging agency MACL
Transcribing agency MACL
041 ## - LANGUAGE CODE
Language code of text/sound track or separate title English
082 ## - DEWEY DECIMAL CLASSIFICATION NUMBER
Classification number 720/SIN
100 ## - MAIN ENTRY--PERSONAL NAME
Personal name Wakhlu, Somnath
9 (RLIN) 6475
245 ## - TITLE STATEMENT
Title Jammu and Kashmir
Remainder of title The Rich Heritage
Statement of responsibility, etc. Somnath Wakhlu
260 ## - PUBLICATION, DISTRIBUTION, ETC. (IMPRINT)
Place of publication, distribution, etc. New Delhi
Date of publication, distribution, etc. 1998
Name of publisher, distributor, etc. Gyan Publishing House,
350 ## - PRICE (NR) (BK AM CF MU VM SE) [OBSOLETE]
Price 500
650 ## - SUBJECT ADDED ENTRY--TOPICAL TERM
Topical term or geographic name as entry element Architecture
9 (RLIN) 259
942 ## - ADDED ENTRY ELEMENTS (KOHA)
Call number prefix 720
Koha item type Books
Source of classification or shelving scheme
Holdings
Withdrawn status Lost status Source of classification or shelving scheme Damaged status Not for loan Home library Current library Date acquired Cost, normal purchase price Total Checkouts Full call number Barcode Date last seen Date last checked out Uniform Resource Identifier Price effective from Koha item type
          MACL MACL 15/04/2015 500.00 1 720/SIN CRE010815 02/05/2024 21/11/2015 15527 15/04/2015 Books